000 00492cam a2200145 4500500
005 20251228091033.0
041 _afre
042 _adc
100 1 0 _aMalka, Salomon
_eauthor
245 0 0 _a« L’adresse aux juifs »
260 _c2023.
500 _a42
786 0 _nBulletin de l’Amitié Charles Péguy | 179-180 | 3 | 2023-05-08 | p. 291-296 | 0180-8567
856 4 1 _uhttps://shs.cairn.info/revue-bulletin-de-lamitie-charles-peguy-2023-3-page-291?lang=fr&redirect-ssocas=7080
999 _c1602976
_d1602977